| 000 | 00374nam a22001577a 4500 | ||
|---|---|---|---|
| 003 | OSt | ||
| 005 | 20170105102938.0 | ||
| 040 | _a0 | ||
| 082 |
_a327 _bMAH 1994 |
||
| 100 | _aMahmood, Safdar | ||
| 245 |
_aInternational affairs _cSafdar Mahmood |
||
| 260 |
_aLahore _bA.H. Publisher _c1994 |
||
| 300 |
_a544 p.; _c24cm |
||
| 651 | _a International relations. | ||
| 942 |
_2ddc _cBK |
||
| 999 |
_c16370 _d16370 |
||